|
|
|
|
| LEADER |
00000nab a2200000 ar4500 |
| 001 |
vtls008996800 |
| 003 |
SK-MaSNL |
| 005 |
20260303065752.0 |
| 008 |
070607c2006 xo er|p|||||||000 b|slo |
| 015 |
|
|
|a SNBRB2007/06
|2 snkbucl
|
| 038 |
|
|
|a SNKBUCL
|
| 040 |
|
|
|a SNKBUCL
|b slo
|c SNKBUCL
|e AACR2
|
| 041 |
0 |
|
|a slo
|
| 044 |
|
|
|a xo
|c SK
|
| 080 |
|
|
|a 656.61-051
|2 2001
|
| 100 |
1 |
|
|a Ryník, Jozef
|4 aut
|9 1032712
|
| 245 |
1 |
0 |
|a Manažér na mori
|c Jozef Ryník
|
| 300 |
|
|
|b Fotogr.
|
| 650 |
0 |
7 |
|a Bernáth, Ferdinand
|2 snkbucl
|9 1066275
|
| 773 |
0 |
|
|t Profit
|g Č. 25-26 (2006), s. 83-85
|x 1335-4620
|
| 852 |
|
|
|a SNK
|b KIS3GCP
|
| 999 |
|
|
|c 1752601
|d 1754531
|